000 01253 a2200277 4500
003 Nust
005 20221213112259.0
010 _a 00456279
020 _a0340705760 (pbk.)
035 _a(CStRLIN)MIUGBAQ8284-B
035 _a(III)iiio3200333x
035 _a(MiU)notisBAQ8284
035 _a(OCoLC)41354084
040 _cNust
082 0 0 _a621.3822,IBB
100 1 _aIbbotson, L.
_9104705
245 1 4 _aThe fundamentals of signal transmission :
_bin line, waveguide, fibre, and free space /
_cLem Ibbotson.
260 _aLondon :
_bArnold,
_c1999.
300 _aviii, 152 p. :
_bill. ;
_c25 cm.
505 _aSignals and Waves (Page-1), Twin-Wire Transmission Line (Page-8), Electromagnetic Waves (Page-36), Coaxical Line, Strip Line and Wave Guides (Page-46), Optical Fibre (Page-58), Free Space (Page-76), Further Insights using the Smith Chart (Page-96), Solutions to Problems. (Page-140).
650 0 _aSignal theory (Telecommunication)
_xMathematics.
_9104706
650 0 _aTelecommunication Engineering
_xMathematical models.
_999444
856 4 1 _3Publisher description
_uhttp://www.loc.gov/catdir/description/els031/00456279.html
856 4 1 _3Table of contents
_uhttp://www.loc.gov/catdir/toc/els051/00456279.html
942 _2ddc
_cBK
999 _c182792
_d182792